[Event "Paulista-chT Interclubes"]
[Site "Sao Paulo"]
[Date "2008.03.??"]
[Round "6"]
[White "Man Yee, Chow"]
[Black "Mendes, Diego Silva"]
[Result "1-0"]
[WhiteElo "2300"]
[BlackElo "2062"]
[PlyCount "113"]
[EventDate "2008.03.01"]
[EventType "team-tourn"]
[EventRounds "7"]
[EventCountry "BRA"]
[SourceTitle "EXT 2022"]
[Source "ChessBase"]
[SourceDate "2021.10.06"]
[SourceVersion "1"]
[SourceVersionDate "2021.10.06"]
[SourceQuality "1"]
[WhiteTeam "Circulo Militar"]
[BlackTeam "Aramacan CA"]
[WhiteTeamCountry "BRA"]
[BlackTeamCountry "BRA"]

1. Nf3 d5 2. d4 c5 3. c3 e6 4. g3 Nc6 5. Bg2 Bd6 6. 0-0 Nf6 7. Nbd2 cxd4 8. cxd4 Qb6 9. e3 0-0 10. a3 a5 11. Re1 e5 12. dxe5 Nxe5 13. Nxe5 Bxe5 14. Nf3 Bg4 15. Qd3 Bxf3 16. Bxf3 Rfd8 17. Rb1 Rac8 18. b4 Bc3 19. Rd1 axb4 20. axb4 Ne4 21. b5 Qf6 22. Qe2 Be5 23. Bxe4 dxe4 24. Rxd8+ Qxd8 25. Qg4 Rc4 26. Ba3 g6 27. Rd1 Qc8 28. Qg5 f6 29. Qh6 Rc7 30. Kg2 Rf7 31. Rd5 Qe8 32. Qh4 Bc7 33. Bb2 Qe6 34. Rd4 Re7 35. Ba3 Re8 36. b6 Bb8 37. Qh6 Qf5 38. Be7 Qf3+ 39. Kg1 Be5 40. Bf8 f5 41. Rd7 Qh5 42. Qxh5 gxh5 43. Be7 Kf7 44. Bb4+ Kg6 45. Rxb7 Rb8 46. Rxb8 Bxb8 47. Be7 Kf7 48. Bd8 Ke8 49. Bg5 Kd7 50. Bf4 Bxf4 51. gxf4 Kc6 52. Kg2 Kxb6 53. Kg3 Kc6 54. Kh4 Kd6 55. Kxh5 Ke7 56. Kg5 Ke6 57. h3 1-0

[Event "Paulista-chT Interclubes"]
[Site "Sao Paulo"]
[Date "2008.03.??"]
[Round "3"]
[White "Man Yee, Chow"]
[Black "Milos, Gilberto"]
[Result "1/2-1/2"]
[WhiteElo "2300"]
[BlackElo "2594"]
[PlyCount "86"]
[EventDate "2008.03.01"]
[EventType "team-tourn"]
[EventRounds "7"]
[EventCountry "BRA"]
[SourceTitle "EXT 2022"]
[Source "ChessBase"]
[SourceDate "2021.10.06"]
[SourceVersion "1"]
[SourceVersionDate "2021.10.06"]
[SourceQuality "1"]
[WhiteTeam "Circulo Militar"]
[BlackTeam "Sao Bernardo do C LX"]
[WhiteTeamCountry "BRA"]
[BlackTeamCountry "BRA"]

1. Nf3 d6 2. d4 Bg4 3. Nbd2 Nf6 4. e4 e6 5. Be2 Be7 6. 0-0 0-0 7. Re1 c6 8. c3 d5 9. Ne5 Bxe2 10. Qxe2 Nbd7 11. Nd3 Qb6 12. e5 Ne8 13. Nf3 Nc7 14. Bg5 Bxg5 15. Nxg5 h6 16. Nf3 c5 17. g4 f6 18. exf6 Rxf6 19. g5 hxg5 20. Nfe5 Nxe5 21. Nxe5 Rh6 22. Qf3 Qd6 23. Ng4 Rh4 24. Re5 Rf8 25. Qg3 Rh5 26. Rae1 cxd4 27. cxd4 Qb4 28. Qc3 Qb6 29. Qd2 Nb5 30. Rxe6 Qxd4 31. Qe2 Rh4 32. h3 Rxh3 33. Re8 Rxe8 34. Qxe8+ Kh7 35. Ne5 Nc7 36. Qg6+ Kh8 37. Qxg5 Ne6 38. Qf5 Rg3+ 39. Kf1 Qh4 40. Nf7+ Kg8 41. Rxe6 Qc4+ 42. Re2 Qc1+ 43. Re1 Qc4+ 1/2-1/2

[Event "Paulista-chT Interclubes"]
[Site "Sao Paulo"]
[Date "2008.03.??"]
[Round "2"]
[White "Man Yee, Chow"]
[Black "Segal, Alexandru Sorin"]
[Result "1-0"]
[WhiteElo "2300"]
[BlackElo "2227"]
[PlyCount "115"]
[EventDate "2008.03.01"]
[EventType "team-tourn"]
[EventRounds "7"]
[EventCountry "BRA"]
[SourceTitle "EXT 2022"]
[Source "ChessBase"]
[SourceDate "2021.10.06"]
[SourceVersion "1"]
[SourceVersionDate "2021.10.06"]
[SourceQuality "1"]
[WhiteTeam "Circulo Militar"]
[BlackTeam "Sociedade Hebraica"]
[WhiteTeamCountry "BRA"]
[BlackTeamCountry "BRA"]

1. g3 e5 2. c4 c6 3. d4 d6 4. Nc3 Nf6 5. dxe5 dxe5 6. Qxd8+ Kxd8 7. Nf3 Nbd7 8. Bg2 Bb4 9. Bd2 Re8 10. 0-0 a5 11. Rfd1 Kc7 12. Rac1 Bxc3 13. Bxc3 Ne4 14. Be1 Ndc5 15. h3 b6 16. Nh2 f5 17. b3 Be6 18. Nf3 Bf7 19. Nh4 g6 20. g4 Be6 21. f3 Nf6 22. Bc3 Nfd7 23. Bf1 e4 24. Bd2 Kb7 25. Bg5 Ne5 26. Bg2 Nf7 27. Bf6 exf3 28. Bxf3 Ne4 29. Bxe4 fxe4 30. Ng2 a4 31. Rd4 axb3 32. axb3 Bc8 33. Rcd1 Nh6 34. Bg5 Nxg4 35. hxg4 Bxg4 36. Rf1 Ra3 37. Rf7+ Ka6 38. Rd2 h5 39. Ne3 Be6 40. Rg7 b5 41. Rd6 Rxb3 42. Rxc6+ Ka5 43. Ra7+ Kb4 44. Nc2+ Kc3 45. cxb5+ Bc4 46. Ne3 Rxb5 47. Bf6+ Kd2 48. Nxc4+ Kxe2 49. Ra2+ Kf3 50. Rf2+ Kg3 51. Ne3 Rg8 52. Rc3 h4 53. Be5+ Rxe5 54. Nc4+ Kg4 55. Nxe5+ Kh5 56. Nf7 g5 57. Rc6 Ra8 58. Rg2 1-0

[Event "US Open-106"]
[Site "Phoenix"]
[Date "2005.08.13"]
[Round "8"]
[White "Man Yee, Chow"]
[Black "Trammell, George"]
[Result "1/2-1/2"]
[WhiteElo "2312"]
[BlackElo "2073"]
[PlyCount "116"]
[EventDate "2005.08.06"]
[EventType "swiss"]
[EventRounds "9"]
[EventCountry "USA"]
[SourceTitle "CBM 107 Extra"]
[Source "ChessBase"]
[SourceDate "2005.09.01"]
[SourceVersion "1"]
[SourceVersionDate "2005.09.01"]
[SourceQuality "1"]

1. c4 Nf6 2. g3 g6 3. Bg2 Bg7 4. Nc3 0-0 5. e4 d6 6. Nge2 e5 7. 0-0 Nc6 8. d3 Ne8 9. Nd5 Ne7 10. Ne3 Rb8 11. d4 exd4 12. Nxd4 c6 13. Ne2 Be6 14. Nf4 Nc7 15. Qc2 Qc8 16. Bd2 b5 17. Bc3 bxc4 18. Bxg7 Kxg7 19. Nxc4 d5 20. Nd2 dxe4 21. Nxe6+ Nxe6 22. Nxe4 Nd5 23. b3 Kg8 24. Rfd1 Rb6 25. Qb2 f5 26. Nd6 Qc7 27. Qe5 Qe7 28. Bxd5 cxd5 29. Rxd5 Qf6 30. Nc4 Ng5 31. Qxf6 Rbxf6 32. Rad1 Ne4 33. Rd8 f4 34. Rxf8+ Rxf8 35. gxf4 a6 36. Ne5 Rxf4 37. Rd8+ Kg7 38. Ra8 Rf5 39. Nd3 a5 40. Rd8 Nc3 41. a4 Ne4 42. Kg2 Nd2 43. Nc5 Rg5+ 44. Kh1 Rxc5 45. Rxd2 Kf6 46. Rb2 h5 47. Kg2 Kf5 48. b4 axb4 49. Rxb4 Rc3 50. h4 Ra3 51. f3 Ra1 52. Rc4 Ke5 53. Re4+ Kf5 54. Rd4 Ke5 55. Rc4 Kf5 56. Kf2 Ra3 57. Kg3 Ke5 58. Rb4 Ra1 1/2-1/2

[Event "Sao Paulo Interclubs"]
[Site "Sao Paulo"]
[Date "2003.??.??"]
[Round "5"]
[White "Cominato Neto, Jose Luis"]
[Black "Man Yee, Chow"]
[Result "0-1"]
[WhiteElo "2068"]
[BlackElo "2304"]
[PlyCount "92"]
[EventDate "2003.03.08"]
[EventType "team"]
[EventRounds "7"]
[EventCountry "BRA"]
[SourceTitle "CBM 093 Extra"]
[Source "ChessBase"]
[SourceDate "2003.05.09"]
[SourceVersion "1"]
[SourceVersionDate "2003.05.09"]
[SourceQuality "1"]

1. e4 d5 2. exd5 Nf6 3. Bb5+ Bd7 4. Bc4 Bg4 5. f3 Bc8 6. Nc3 Nbd7 7. d4 Nb6 8. Bb3 a5 9. a4 Nbxd5 10. Nge2 e6 11. Bg5 Be7 12. Nxd5 Nxd5 13. Bxe7 Nxe7 14. Ng3 0-0 15. 0-0 Ra6 16. c3 Rb6 17. Re1 Ng6 18. Qc2 Bd7 19. Rad1 Qh4 20. Re4 Qf6 21. Bc4 Bc6 22. Re3 Qf4 23. Rde1 e5 24. Ne4 exd4 25. cxd4 Bd7 26. b3 Nh4 27. Bd3 Nf5 28. Nc5 Nxe3 29. Qc1 Qxd4 30. Qxe3 Qxe3+ 31. Rxe3 Re8 32. Be4 Bc6 33. Rd3 Bxe4 34. Nxe4 Rc6 35. Kf2 f5 36. Nc3 f4 37. g3 Re3 38. Rd8+ Kf7 39. Ne4 Rc2+ 40. Nd2 g5 41. gxf4 gxf4 42. Rd4 Kg6 43. Kf1 Rc1+ 44. Kf2 Rce1 45. Nf1 R1e2+ 46. Kg1 Rxf3 0-1

[Event "Sao Paulo Interclubs"]
[Site "Sao Paulo"]
[Date "2003.??.??"]
[Round "3"]
[White "Man Yee, Chow"]
[Black "Zenni, Mohamad Hassan"]
[Result "0-1"]
[WhiteElo "2304"]
[BlackElo "2120"]
[PlyCount "48"]
[EventDate "2003.03.08"]
[EventType "team"]
[EventRounds "7"]
[EventCountry "BRA"]
[SourceTitle "CBM 093 Extra"]
[Source "ChessBase"]
[SourceDate "2003.05.09"]
[SourceVersion "1"]
[SourceVersionDate "2003.05.09"]
[SourceQuality "1"]

1. Nf3 Nf6 2. c4 g6 3. Nc3 Bg7 4. d3 d6 5. Bg5 Na6 6. Qc1 h6 7. Bd2 c6 8. e4 Ng4 9. d4 Nf6 10. h3 g5 11. Be2 Nc7 12. Qc2 Ne6 13. Rd1 Qc7 14. b4 Nh5 15. g3 Bxd4 16. Nxd4 Nxd4 17. Qb2 Nf6 18. Nb5 Nc2+ 19. Qxc2 cxb5 20. Bc3 Be6 21. c5 dxc5 22. Bxb5+ Kf8 23. Bxf6 exf6 24. bxc5 Qa5+ 0-1

[Event "Sao Paulo Interclubs"]
[Site "Sao Paulo"]
[Date "2003.??.??"]
[Round "6"]
[White "Pelikian, Jefferson"]
[Black "Man Yee, Chow"]
[Result "1/2-1/2"]
[WhiteElo "2407"]
[BlackElo "2304"]
[PlyCount "81"]
[EventDate "2003.03.08"]
[EventType "team"]
[EventRounds "7"]
[EventCountry "BRA"]
[SourceTitle "CBM 093 Extra"]
[Source "ChessBase"]
[SourceDate "2003.05.09"]
[SourceVersion "1"]
[SourceVersionDate "2003.05.09"]
[SourceQuality "1"]

1. e4 d5 2. exd5 Nf6 3. d4 Nxd5 4. c4 Nb6 5. Nc3 g6 6. c5 Nd5 7. Bc4 c6 8. Qb3 Bg7 9. Nxd5 cxd5 10. Bxd5 0-0 11. Nf3 Nc6 12. Bxc6 bxc6 13. 0-0 Be6 14. Qc3 Qc7 15. Re1 Rfd8 16. Bg5 Rd5 17. Qe3 Qb7 18. h3 Rad8 19. Rad1 R8d7 20. b3 Qb4 21. Bh4 h6 22. Bg3 Bxd4 23. Rxd4 Rxd4 24. a3 Qxc5 25. Be5 R4d5 26. Qxh6 Rxe5 27. Nxe5 Rd6 28. b4 Qc2 29. Qe3 a6 30. Rc1 Rd1+ 31. Rxd1 Qxd1+ 32. Kh2 Qd6 33. g3 Kg7 34. Qc3 f6 35. Nf3 Bd5 36. Nd4 Qe5 37. Qe3 Qd6 38. f4 Qd7 39. g4 Qd6 40. Kg1 Kf7 41. Kf2 1/2-1/2

[Event "Sao Paulo-ch"]
[Site "Sao Paulo"]
[Date "2002.03.??"]
[Round "5"]
[White "Man Yee, Chow"]
[Black "Dianda, Joao Carlos"]
[Result "1-0"]
[WhiteElo "2304"]
[BlackElo "2102"]
[PlyCount "71"]
[EventDate "2002.03.??"]
[EventType "swiss"]
[EventRounds "6"]
[EventCountry "BRA"]
[SourceTitle "EXT 2016"]
[Source "ChessBase"]
[SourceDate "2015.10.08"]
[SourceVersion "1"]
[SourceVersionDate "2015.10.08"]
[SourceQuality "1"]

1. Nf3 Nf6 2. d4 d5 3. e3 Bg4 4. Nbd2 Nbd7 5. Be2 e6 6. h3 Bh5 7. 0-0 Bd6 8. Ne1 Bxe2 9. Qxe2 0-0 10. e4 dxe4 11. Nxe4 Nxe4 12. Qxe4 c5 13. dxc5 Nxc5 14. Qe2 Qc7 15. Nf3 Rac8 16. b3 Nd7 17. c4 Be7 18. Be3 b6 19. Rad1 Rfd8 20. Nd4 Nc5 21. Qf3 Qb7 22. Qxb7 Nxb7 23. Nb5 a6 24. Na7 Rxd1 25. Nxc8 Rxf1+ 26. Kxf1 Bc5 27. Nxb6 Bxe3 28. fxe3 Kf8 29. b4 Ke7 30. Ke2 Kd6 31. Kd3 e5 32. c5+ Kc6 33. Kc4 f5 34. Nd5 Kd7 35. a4 Ke6 36. Nc7+ 1-0

[Event "Paulista-chT Interclubes 12th"]
[Site "Sao Paulo"]
[Date "2001.03.??"]
[Round "4"]
[White "Man Yee, Chow"]
[Black "Tsuboi, Edson Kenji"]
[Result "1-0"]
[WhiteElo "2288"]
[BlackElo "2317"]
[PlyCount "97"]
[EventDate "2001.03.10"]
[EventType "team-tourn"]
[EventRounds "7"]
[EventCountry "BRA"]
[SourceTitle "EXT 2022"]
[Source "ChessBase"]
[SourceDate "2021.10.06"]
[SourceVersion "1"]
[SourceVersionDate "2021.10.06"]
[SourceQuality "1"]
[WhiteTeam "Pinheiros EC"]
[BlackTeam "Paulistano CA"]
[WhiteTeamCountry "BRA"]
[BlackTeamCountry "BRA"]

1. Nf3 c5 2. g3 Nc6 3. c4 g6 4. Bg2 Bg7 5. 0-0 e5 6. Nc3 Nge7 7. a3 a5 8. d3 0-0 9. Rb1 d6 10. Bd2 Be6 11. Qc1 f6 12. Bh6 Rc8 13. Bxg7 Kxg7 14. Ne1 d5 15. b3 b6 16. Nc2 Qd7 17. Na4 Rb8 18. e3 d4 19. Nb2 Bh3 20. Bxh3 Qxh3 21. e4 g5 22. Qd2 Ng6 23. f3 Qd7 24. b4 axb4 25. axb4 cxb4 26. Nxb4 Nxb4 27. Qxb4 f5 28. Qb5 Qe7 29. Na4 fxe4 30. fxe4 Qa3 31. Rxf8 Rxf8 32. Qb3 Qe7 33. Qc2 Qe6 34. Qe2 Rb8 35. Qd1 Nf8 36. Rb5 Nd7 37. Kg2 Rf8 38. h3 Qf6 39. Qe2 Ra8 40. Rb4 Rf8 41. Rb2 Qc6 42. Qd1 Qf6 43. Qe2 Qc6 44. Rb5 Qf6 45. Rd5 Rf7 46. Rb5 h5 47. Rb1 Qc6 48. Ra1 h4 49. gxh4 1-0

[Event "Sao Paulo op"]
[Site "Sao Paulo"]
[Date "2000.??.??"]
[Round "7"]
[White "Man Yee, Chow"]
[Black "Freitas, Romeu Salvador"]
[Result "1-0"]
[WhiteElo "2289"]
[BlackElo "2238"]
[PlyCount "89"]
[EventDate "2000.??.??"]
[EventType "swiss"]
[EventRounds "7"]
[EventCountry "BRA"]
[SourceTitle "EXT 2001"]
[Source "ChessBase"]
[SourceDate "2000.11.22"]
[SourceVersion "1"]
[SourceVersionDate "2000.11.22"]
[SourceQuality "1"]

1. Nf3 f5 2. b3 Nf6 3. Bb2 e6 4. d3 b6 5. g3 Bb7 6. Bg2 Be7 7. 0-0 0-0 8. e4 fxe4 9. Ng5 Qe8 10. Nxe4 Nc6 11. Nbc3 Qg6 12. d4 Rae8 13. a4 Ba6 14. Nxf6+ Bxf6 15. Nb5 Bd8 16. c4 Nb8 17. Ba3 Rf7 18. d5 Bxb5 19. axb5 Bf6 20. Ra2 a5 21. dxe6 dxe6 22. Rd2 Be7 23. Bxe7 Rfxe7 24. Bf3 Qf7 25. Re1 Rf8 26. Bg4 Nd7 27. Bxe6 Rxe6 28. Rxe6 Qxe6 29. Rxd7 Qe5 30. Rd5 Qb2 31. Rd2 Qc3 32. Rd3 Qb2 33. Rf3 Rxf3 34. Qxf3 Qe5 35. Kg2 Qe7 36. h3 g6 37. h4 Kg7 38. Qd5 h6 39. Kf3 h5 40. Kf4 Qf6+ 41. Ke4 Kh7 42. Qd7+ Kh6 43. Qxc7 Qf5+ 44. Ke3 Qe6+ 45. Kd2 1-0

[Event "Itau Mercosul Cup 3rd"]
[Site "Sao Paulo"]
[Date "1999.10.22"]
[Round "9"]
[White "Man Yee, Chow"]
[Black "Melao, Hindemburg"]
[Result "1/2-1/2"]
[WhiteElo "2285"]
[BlackElo "2158"]
[PlyCount "83"]
[EventDate "1999.10.??"]
[EventType "swiss"]
[EventRounds "9"]
[EventCountry "BRA"]
[SourceTitle "EXT 2000"]
[Source "ChessBase"]
[SourceDate "1999.11.16"]
[SourceVersion "1"]
[SourceVersionDate "1999.11.16"]
[SourceQuality "1"]

1. Nf3 d5 2. c4 d4 3. g3 Nc6 4. Bg2 e5 5. d3 Nf6 6. 0-0 Bc5 7. b4 Bxb4 8. Nxe5 Nxe5 9. Qa4+ Nc6 10. Bxc6+ bxc6 11. Qxb4 Qd7 12. Nd2 h5 13. Nf3 h4 14. Qc5 Rh5 15. Qxd4 Qh3 16. Ng5 Qf5 17. Qf4 Qg6 18. Rb1 Ng4 19. h3 f6 20. Qe4+ Ne5 21. g4 Rxg5 22. Bxg5 Qxe4 23. dxe4 fxg5 24. Rfc1 Be6 25. Rb4 a5 26. Ra4 c5 27. e3 Nf3+ 28. Kg2 Nd2 29. f3 Rb8 30. Rc2 Nxc4 31. Raxc4 Bxc4 32. Rxc4 Rb2+ 33. Kg1 Rxa2 34. Rxc5 Kd7 35. e5 a4 36. Ra5 a3 37. f4 c5 38. f5 c4 39. Ra7+ Ke8 40. Ra8+ Kd7 41. Ra7+ Ke8 42. Ra8+ 1/2-1/2

[Event "Itau Mercosul Cup 3rd"]
[Site "Sao Paulo"]
[Date "1999.??.??"]
[Round "8"]
[White "Braga, Cicero Nogueira"]
[Black "Man Yee, Chow"]
[Result "1-0"]
[WhiteElo "2405"]
[BlackElo "2285"]
[PlyCount "53"]
[EventDate "1999.10.??"]
[EventType "swiss"]
[EventRounds "9"]
[EventCountry "BRA"]
[SourceTitle "EXT 2000"]
[Source "ChessBase"]
[SourceDate "1999.11.16"]
[SourceVersion "1"]
[SourceVersionDate "1999.11.16"]
[SourceQuality "1"]

1. e4 c6 2. d4 d5 3. Nc3 dxe4 4. Nxe4 Nd7 5. Ng5 Ngf6 6. Bd3 e6 7. Qe2 c5 8. N1f3 Qb6 9. Ne5 Nxe5 10. dxe5 Nd7 11. f4 Be7 12. Ne4 f5 13. exf6 Nxf6 14. Bb5+ Nd7 15. Be3 0-0 16. 0-0-0 Nf6 17. Nxf6+ Bxf6 18. c3 a6 19. Bd3 Qa5 20. Bb1 b6 21. h4 Ra7 22. Qc2 h6 23. g4 g5 24. hxg5 hxg5 25. fxg5 Be5 26. Rh7 Raf7 27. Qg6+ 1-0

[Event "Itau Mercosul Cup 3rd"]
[Site "Sao Paulo"]
[Date "1999.??.??"]
[Round "7"]
[White "Man Yee, Chow"]
[Black "Nogueira, Ivan Kuhlmann"]
[Result "1/2-1/2"]
[WhiteElo "2285"]
[BlackElo "2285"]
[PlyCount "38"]
[EventDate "1999.10.??"]
[EventType "swiss"]
[EventRounds "9"]
[EventCountry "BRA"]
[SourceTitle "EXT 2000"]
[Source "ChessBase"]
[SourceDate "1999.11.16"]
[SourceVersion "1"]
[SourceVersionDate "1999.11.16"]
[SourceQuality "1"]

1. Nf3 d5 2. b3 f6 3. d4 Bg4 4. Qd3 Qd7 5. e4 e6 6. Be2 Nc6 7. c3 Bh5 8. 0-0 Bg6 9. Nfd2 Nge7 10. Qf3 e5 11. exd5 Nxd5 12. dxe5 Nxe5 13. Qg3 h5 14. Qh4 0-0-0 15. b4 Bf5 16. Qd4 Nc6 17. Qc4 Ne5 18. Qd4 Nc6 19. Qc4 Ne5 1/2-1/2

[Event "Paulista-ch Clas3"]
[Site "Registro"]
[Date "1999.??.??"]
[Round "6"]
[White "Matsuura, Everaldo"]
[Black "Man Yee, Chow"]
[Result "1/2-1/2"]
[WhiteElo "2380"]
[BlackElo "2285"]
[PlyCount "67"]
[EventDate "1999.??.??"]
[EventType "swiss"]
[EventRounds "6"]
[EventCountry "BRA"]
[SourceTitle "EXT 2000"]
[Source "ChessBase"]
[SourceDate "1999.11.16"]
[SourceVersion "1"]
[SourceVersionDate "1999.11.16"]
[SourceQuality "1"]

1. e4 d5 2. exd5 Nf6 3. Bb5+ Bd7 4. Be2 Nxd5 5. d4 e6 6. Nf3 a6 7. 0-0 b5 8. Ne5 c5 9. Bf3 Bd6 10. Nxd7 Nxd7 11. Bxd5 exd5 12. Re1+ Kf8 13. dxc5 Nxc5 14. Nc3 d4 15. Ne4 Ne6 16. a4 b4 17. c3 Be7 18. cxb4 Bxb4 19. Bd2 Rb8 20. Rc1 Be7 21. Rc6 Rxb2 22. Qc1 Rb8 23. Rxa6 h6 24. Bf4 Rc8 25. Qd2 Ra8 26. Rxa8 Qxa8 27. a5 Nxf4 28. Qxf4 Qxa5 29. Qb8+ Bd8 30. Rd1 Kg8 31. Nd6 Qc7 32. Qxc7 Bxc7 33. Rxd4 Bxd6 34. Rxd6 1/2-1/2

[Event "Paulista-ch final"]
[Site "Americana"]
[Date "1999.??.??"]
[Round "3"]
[White "Van Riemsdijk, Herman Claudius"]
[Black "Man Yee, Chow"]
[Result "0-1"]
[WhiteElo "2422"]
[BlackElo "2285"]
[PlyCount "114"]
[EventDate "1999.11.??"]
[EventType "k.o."]
[EventRounds "6"]
[EventCountry "BRA"]
[SourceTitle "CBM 073 Extra"]
[Source "ChessBase"]
[SourceDate "2000.01.11"]
[SourceVersion "1"]
[SourceVersionDate "2000.01.11"]
[SourceQuality "1"]

1. e4 d5 2. exd5 Qxd5 3. Nf3 Bg4 4. Be2 Bxf3 5. Bxf3 Qe5+ 6. Be2 c5 7. 0-0 Nc6 8. Re1 Rd8 9. Bf1 Qc7 10. b3 e6 11. Bb2 Nf6 12. Bxf6 gxf6 13. Qh5 Nd4 14. Na3 Rg8 15. c3 Rg5 16. Qh3 Nc6 17. Qxh7 Ne5 18. Kh1 Rg6 19. Nb5 Qb8 20. f4 Rh6 21. Qe4 Ng4 22. Qa4 Ke7 23. h3 a6 24. Kg1 axb5 25. Qxb5 b6 26. g3 Rxd2 27. Re2 Rxe2 28. Qxe2 Ne5 29. fxe5 Qxe5 30. Qxe5 fxe5 31. Re1 Bg7 32. Re4 Rh8 33. Ra4 Rd8 34. Ra7+ Rd7 35. Rxd7+ Kxd7 36. Kf2 e4 37. Ke3 f5 38. Kf4 Bh6+ 39. Ke5 Bg7+ 40. Kf4 Kd6 41. g4 Be5+ 42. Ke3 Bxc3 43. Ba6 Ke5 44. gxf5 exf5 45. h4 f4+ 46. Ke2 Bd4 47. h5 f3+ 48. Kf1 Kf4 49. h6 e3 50. h7 Bh8 51. Ke1 Bc3+ 52. Kf1 Kf5 53. Bd3+ Kg5 54. a3 Kh6 55. a4 e2+ 56. Bxe2 fxe2+ 57. Kxe2 Kxh7 0-1

[Event "Paulista-ch final"]
[Site "Americana"]
[Date "1999.??.??"]
[Round "3"]
[White "Van Riemsdijk, Herman Claudius"]
[Black "Man Yee, Chow"]
[Result "1-0"]
[WhiteElo "2422"]
[BlackElo "2285"]
[PlyCount "63"]
[EventDate "1999.11.??"]
[EventType "k.o."]
[EventRounds "6"]
[EventCountry "BRA"]
[SourceTitle "CBM 073 Extra"]
[Source "ChessBase"]
[SourceDate "2000.01.11"]
[SourceVersion "1"]
[SourceVersionDate "2000.01.11"]
[SourceQuality "1"]

1. e4 d5 2. exd5 Qxd5 3. d4 Bf5 4. Nf3 Qe4+ 5. Be3 Qxc2 6. Qxc2 Bxc2 7. Na3 Be4 8. Nb5 Na6 9. Rc1 Bxf3 10. gxf3 c6 11. Nc3 Nc7 12. Ne4 Nf6 13. Rg1 e6 14. Bf4 Nfd5 15. Be5 f6 16. Bg3 h6 17. Bh3 Nb5 18. Rd1 Kd7 19. a4 Nd6 20. Nc5+ Ke7 21. Nxe6 Kf7 22. Nxf8 Rhxf8 23. Bxd6 Rfe8+ 24. Kd2 Rad8 25. Ba3 Nf4 26. Bf5 Re2+ 27. Kc1 Rxf2 28. Rd2 Ne2+ 29. Kd1 Rxd4 30. Bg6+ Kg8 31. Rxd4 Nxd4 32. Re1 1-0

[Event "Sao Paulo Latin America Cup"]
[Site "Sao Paulo"]
[Date "1992.08.??"]
[Round "2"]
[White "Man Yee, Chow"]
[Black "Fiorito, Fabian"]
[Result "0-1"]
[WhiteElo "2285"]
[BlackElo "2410"]
[PlyCount "91"]
[EventDate "1992.08.08"]
[EventType "swiss"]
[EventRounds "11"]
[EventCountry "BRA"]
[SourceTitle "EXT 2022"]
[Source "ChessBase"]
[SourceDate "2021.10.06"]
[SourceVersion "1"]
[SourceVersionDate "2021.10.06"]
[SourceQuality "1"]

1. c4 g6 2. Nc3 Bg7 3. g3 d6 4. Bg2 e5 5. d3 Nc6 6. e3 Nf6 7. Nge2 0-0 8. 0-0 Be6 9. Nd5 Qd7 10. Nxf6+ Bxf6 11. Nc3 Bg7 12. Rb1 Bh3 13. Bxh3 Qxh3 14. Nd5 Qd7 15. Qa4 f5 16. f4 Qf7 17. b4 Nd8 18. b5 Ne6 19. fxe5 dxe5 20. Ba3 Rfe8 21. Qc2 c6 22. Nc3 Qd7 23. Rbd1 Rad8 24. bxc6 bxc6 25. Na4 Bh6 26. Bc1 f4 27. Qe2 fxe3 28. Bxe3 Nd4 29. Bxd4 exd4 30. Qg2 Re5 31. Rde1 Be3+ 32. Kh1 Ra5 33. Nb2 Rxa2 34. Ra1 Rxa1 35. Rxa1 Rf8 36. Rf1 Rxf1+ 37. Qxf1 Qb7 38. Qg2 a5 39. h4 Kg7 40. Na4 Qb1+ 41. Kh2 Qxd3 42. Qxc6 Qe2+ 43. Kh3 Qf1+ 44. Qg2 Qxc4 45. Qb7+ Qf7 46. Qb8 0-1

[Event "Sao Paulo Latin America Cup"]
[Site "Sao Paulo"]
[Date "1992.08.??"]
[Round "5"]
[White "Rocha, Antonio Cavilhas"]
[Black "Man Yee, Chow"]
[Result "1-0"]
[WhiteElo "2365"]
[BlackElo "2285"]
[PlyCount "55"]
[EventDate "1992.08.08"]
[EventType "swiss"]
[EventRounds "11"]
[EventCountry "BRA"]
[SourceTitle "EXT 2022"]
[Source "ChessBase"]
[SourceDate "2021.10.06"]
[SourceVersion "1"]
[SourceVersionDate "2021.10.06"]
[SourceQuality "1"]

1. e4 d5 2. exd5 Nf6 3. c4 c6 4. d4 cxd5 5. Nc3 e6 6. Nf3 Be7 7. cxd5 Nxd5 8. Bd3 Nd7 9. 0-0 N7f6 10. Ne5 0-0 11. a3 Qb6 12. Nc4 Qc7 13. Qf3 Bd7 14. Ne5 Nxc3 15. bxc3 Bc6 16. Qe2 Qa5 17. c4 Bd6 18. f4 Rfe8 19. Bb2 Rab8 20. Kh1 Qc7 21. Rae1 Qe7 22. Qe3 g6 23. Bc2 Rbc8 24. f5 exf5 25. Bxf5 gxf5 26. Qg5+ Kh8 27. d5 Rg8 28. Qxf5 1-0